000 00309 a2200157 4500
001 171475
020 _a
040 _cMagnum
100 _aLima, Maria da Paz V.
240 1 0 _aAmigos do mar
_lpor
245 1 0 _aAmigos do mar
362 0 _a1899
440 1 _aPaulinas
697 _aI/GERAL
942 _cBK
999 _c171475
_d171475